000 01397nam a2200301 4500
003 CO-CtgCURN
005 20250331185143.0
007 ta
008 160627s1999 000 0 eng d
020 _a9701020294
040 _aCO-CtgCURN
_bspa
_ccoctgcurn
082 0 _a610.736
_bB972e
100 1 _aBurroughs, Arlene.
245 1 0 _aEnfermeria maternoinfantil /
_cArlene Burroughs ; traducción Berenice del C. Rodríguez.
260 _aMexico :
_bMcGraw-Hill Interamericana,
_c1999.
300 _axv, 613 p :
_bil., lamns., fot.
336 _2rdacontent
337 _2rdamedia
_asin mediacion
_bn
338 _2rdacarrier
_avolumen
_bnc
500 _aIncluye apéndices: A.Directrices para las precauciones de aislamiento en hospitales (Precauciones estándar y precauciones según la forma de transmisin).--B.Diagnóstico de enfermería aprobados por NANDA.
505 8 _aDinamica social y familiar.--Anatomía y fisiología reproductiva.--Desarrollo fetal.--Trabajo de parto y nacimiento.--El recién nacido.--Periodo posparto.--Complicaciones de la gestación.--Cuidados basados en la comunidad.--Otros temas sobre la reproducción
650 1 4 _aEnfermeria.
650 1 4 _aPediatría.
700 1 _aRodríguez, Berenice del C,
_cTraductor.
908 _a160627
942 _cBK
_h610.736
_iB972e
_2ddc
999 _c21441
_d21441